The Office (US) Impossible Quiz - Statistics

General Stats
  • This quiz has been taken 248 times
  • The average score is 6 of 20
Answer Stats
Hint Answer % Correct
Does Stanley have a mustache? Yes
79%
What is Pam's favorite flavor of yogurt? mixed berry
75%
What is Erin's full name? Kelly Erin Hannon
53%
What is the name of Andy's college acapella group? Here Comes Treble
48%
What is the server password? bigboobz
45%
What year did Andy graduate from Cornell? 1995
37%
What is the secret to Kevin's famous chili? Undercook the onions
32%
Who is Henrietta? Dwight's porcupine
25%
What was the name of the show Michael was on as a child? Fundle Bundle
23%
What is Michael's real order at Hooter's? a gourmet hot dog
22%
Who originally read for the role of Goldenface in Threat Level Midnight? Oscar
22%
What did Michael originally want to buy with his shoe money? a motorcycle
18%
Stanley says to Michael, "Nobody likes that stuff but you."What is Stanley referring to? white chocolate bark
16%
Dwight keeps what in his car for special occasions? Birkenstocks
14%
What strain of marijuana does Creed identify from the parking lot? Northern Lights Cannabis Indica
14%
Dwight's grandparents left him a large collection of what? armoires
13%
What does Michael eat when there isn't any ice cream in the kitchen? mayo and black olives
11%
What is Kelly's middle name? Rajinigandha
9%
What does Karen's husband do? He is a dermatologist
0%
What does Isabelle do for work? She is a dental hygienist
0%
No matching quizzes found
Score Distribution
Percent of People with Each Score
Percentile by Number Answered
Your Score History
You have not taken this quiz